La Universidad en Chile. Presente y futuro: reflexiones desde la provincia.

保存先:
書誌詳細
その他の著者: Herrera, Raúl (編集者), Schmal S., Rodolfo (編集者)
フォーマット: 図書
言語:英語
出版事項: Santiago, Chile: Ediciones Inubicalistas, 2015.
主題:
タグ: タグ追加
タグなし, このレコードへの初めてのタグを付けませんか!

MARC

LEADER 00000nam a22000007a 4500
003 CL-VaPUC
005 20230915105714.0
008 230911t2015 ||||| |||| 00| 0 eng d
999 |c 441764  |d 441762 
020 |a 978-956-9301-09-4 
040 |c Pontificia Universidad Católica de Valparaíso 
082 |2 22  |a 378.83 HER 2015 
100 |9 884542  |a Herrera, Raúl   |e editor 
245 1 3 |a La Universidad en Chile.   |b Presente y futuro: reflexiones desde la provincia.  
260 |a Santiago, Chile:  |b Ediciones Inubicalistas,   |c 2015. 
300 |a 265 páginas. 
500 |a c.1 Donación Rectoría 2022. 
583 |c 20230911  |k Yessy Sthefany Diaz Vidal 
650 0 |9 407335  |a Universidades chilenas  |x Acreditación, financiamiento, docencia, etc.  |y Siglo 21  
650 0 |9 523597  |a Universidades públicas   |x Aspectos económicos, políticos y sociales   |y Siglo 21   |z Chile  
700 |9 884543  |a Schmal S., Rodolfo  |e editor 
942 |2 ddc  |c BK 
952 |0 0  |1 0  |2 ddc  |4 0  |6 378_830000000000000_HER_2015  |7 0  |8 A  |9 591485  |a BIBGIM  |b BIBGIM  |d 2023-09-11  |e Donación  |i 5658604  |o 378.83 HER 2015  |p 5658604  |r 2025-01-15  |t 1  |w 2023-09-11  |y BK  |k ESU